Golden Boy Award 2021 - Statistics

General Stats
  • This quiz has been taken 26 times
  • The average score is 9 of 20
Answer Stats
Club Answer % Correct
Borussia Dortmund Jude Bellingham
91%
Barcelona Pedri
78%
Arsenal Bukayo Saka
70%
Bayern Munich Jamal Musiala
61%
Real Madrid Eduardo Camavinga
57%
Bayer Leverkusen Florian Wirtz
57%
Barcelona Gavi
57%
RB Salzburg Karim Adeyemi
52%
Man United Mason Greenwood
52%
Real Madrid Rodrygo
43%
Borussia Dortmund Giovanni Reyna
39%
PSG* Nuno Mendes
39%
Ajax Ryan Gravenberch
35%
Marseille* William Saliba
30%
Tottenham Bryan Gil
26%
Club Brugge Charles De Ketelaere
17%
AC Milan Daniel Maldini
17%
Ajax Jurrien Timber
17%
Villarreal Yeremi Pino
17%
Atalanta Roberto Piccoli
9%
No matching quizzes found
Score Distribution
Percent of People with Each Score
Percentile by Number Answered
Your Score History
You have not taken this quiz